Statistics for good friday - edwin morgan - nat5

Click here to take the quiz!

General Stats

  • This quiz has been taken 2 times
  • The average score is 55 of 196

Answer Stats

Answer% Correct
go-‘
100%
me-
100%
a
50%
a-
50%
all
50%
an
50%
and
50%
-aye
50%
aye,
50%
Bath
50%
be
50%
beside
50%
bus
50%
but
50%
celebrate
50%
celebrating-
50%
christ
50%
day
50%
drink,
50%
‘d’s
50%
easter
50%
eggs
50%
eggs,
50%
flops
50%
for
50%
get
50%
had
50%
he-
50%
he
50%
i
50%
i’m
50%
in
50%
it,
50%
it-
50%
it’s
50%
i’ve
50%
kiddies.
50%
know
50%
lurches
50%
man
50%
man,
50%
no,
50%
no
50%
o’clock.
50%
of,
50%
-oh
50%
on
50%
right,
50%
right
50%
‘right
50%
round
50%
say
50%
saying
50%
see
50%
some
50%
Street?
50%
tha’s,
50%
tha’s
50%
the
50%
this
50%
three
50%
to
50%
wee
50%
when
50%
working-
50%
working,
50%
working
50%
again,
0%
aid
0%
along
0%
anyway
0%
are.
0%
at
0%
been
0%
bliddy
0%
boring
0%
brakes
0%
can
0%
canny-
0%
crucified
0%
dead
0%
don’t
0%
down-
0%
education,
0%
educatit
0%
eh?-
0%
fae
0%
funny
0%
got
0%
has
0%
hasny
0%
he’s
0%
his
0%
ignorant.
0%
ignorant-
0%
into
0%
jist
0%
just
0%
legs.
0%
like
0%
like,
0%
look
0%
lunges
0%
maybe
0%
mean,
0%
mean?
0%
nae
0%
nearly
0%
off
0%
or
0%
rose
0%
seen
0%
stair,
0%
steady
0%
sun.
0%
sun
0%
swings
0%
take
0%
tell
0%
there
0%
think
0%
time
0%
today,
0%
today’s
0%
understand-
0%
understand?
0%
very
0%
violently,
0%
was-
0%
was
0%
wasny
0%
way
0%
well,
0%
well.
0%
well-‘
0%
what
0%
whether
0%
ye
0%
ye’ll
0%
you,
0%
you
0%
you’re
0%

Score Distribution

Percentile by Number Answered

Percent of People with Each Score

Your Score History

You have not taken this quiz